000 00432nam a2200181Ia 4500
001 1530
005 20260306143735.0
008 260306t2005||||xx |||||||||||||| ||spa||
041 _aESP
082 _a150.8
_bA72
100 _aArias Gallegos, Walter L.
_eAUT
245 0 _aPsicólogos:
_bhombres de ciencia
260 _c2005
300 _a225 páginas :
_c19 cm.
650 _aGEN
654 _aCPS
942 _cLIB
_dJUS
_fJUS
_2ddc
_n
999 _c1530
_d1530